Kasabian Discography - Statistics

General Stats
  • This quiz has been taken 12 times
    8 since last reset
  • The average score is 40 of 107
Answer Stats
Answers % Correct
HYPER//RISING
100%
Empire
80%
Fire
80%
Shoot the Runner
80%
Velociraptor!
80%
Vlad the Impaler
80%
bumblebeee
60%
Comeback Kid
60%
doomsday
60%
Fast Fuse
60%
Goodbye Kiss
60%
Happiness
60%
L.S.F.
60%
(shiva)
60%
stevie
60%
U Boat
60%
Where Did All the Love Go?
60%
You're In Love With a Psycho
60%
ae sea
40%
ae space
40%
ALCHEMIST
40%
Algorithms
40%
ALYGATYR
40%
Bless This Acid House
40%
bow
40%
British Legion
40%
Call
40%
CHEMICALS
40%
Club Foot
40%
Coming Back To Me Good
40%
Darkest Lullaby
40%
Days Are Forgotten
40%
eez-eh
40%
explodes
40%
glass
40%
G.O.A.T
40%
Good Fight
40%
GREAT PRETENDER
40%
Hell Of It
40%
Hippie Sunshine
40%
Ill Ray (The King)
40%
Italian Horror
40%
La Fee Verte
40%
LETTING GO
40%
Neon Noon
40%
Orange (Interlude)
40%
Ovary Stripe
40%
Passengers
40%
Pinch Roller (Interlude)
40%
Processed Beats
40%
Put Your Life On It
40%
Reason is Treason
40%
ROCKET FUEL
40%
Running Battle
40%
SCRIPTVRE
40%
Secret Alphabets
40%
Sixteen Blocks
40%
STRICTLY OLD SKOOL
40%
Swarfiga
40%
Switchblade Smiles
40%
The Doberman
40%
THE WALL
40%
Thick As Thieves
40%
T.U.E (the ultraview effect)
40%
Twentyfourseven
40%
Underdog
40%
West Ryder Silver Bullet
40%
Acid Turkish Bath (Shelter from the Storm)
20%
All Through the Night
20%
Apnoea
20%
Are You Looking for Action?
20%
Bird in a Cage
20%
Butcher Blues
20%
By My Side
20%
clouds
20%
Cutt Off
20%
GLIDE
20%
How Far Will You Go
20%
I.D.
20%
I Hear Voices
20%
Ladies and Gentlemen (Roll the Dice)
20%
Last Trip (In Flight)
20%
Let's Roll Just Like We Used To
20%
(levitation)
20%
Man of Simple Pleasures
20%
Me Plus One
20%
mind palace 2m7
20%
(mortis)
20%
NOTHING BETTER THAN THIS
20%
npc 3m12
20%
quiet on set please 1m9
20%
Re-Wired
20%
SAY YOU (CLOSER)
20%
Seek & Destroy
20%
SILVER APPLE EYES
20%
SOULMATE
20%
s.p.s.
20%
STARGAZR
20%
Stuntman
20%
Sun/Rise/Light/Flies
20%
SUPERPOWERS
20%
Take Aim
20%
Test Transmission
20%
THE GURU AND THE CRYPTO TIME MACHINE
20%
The Party Never Ends
20%
treat
20%
Wasted
20%
No matching quizzes found
Score Distribution
Percent of People with Each Score
Percentile by Number Answered
Your Score History
You have not taken this quiz since the last reset